[Event "12ème tournoi de MI"]
[Site "?"]
[Date "2012.07.07"]
[Round "1"]
[White "Valuet, Bertrand"]
[Black "Bouget, Alexandre"]
[Result "1-0"]
[WhiteElo "2316"]
[BlackElo "2202"]
[Annotator "Navrotescu,Catalin"]
[PlyCount "52"]

1. d4 Nf6 2. c4 g6 3. Nc3 d5 4. cxd5 Nxd5 5. e4 Nxc3 6. bxc3 Bg7 7. Be3 c5 8.
Qd2 Qa5 9. Rb1 a6 10. Nf3 Nc6 11. Rc1 f5 $6 (11... cxd4 12. cxd4 Qxd2+ 13. Kxd2
e6 14. d5 exd5 15. exd5 Ne7 16. Bc4 Nf5 17. Bc5 $1 Bh6+ 18. Kc3 Bxc1 19. Rxc1
f6 20. Re1+ Kd7 21. Re6 b5 22. Bb3 a5 23. g4 b4+ 24. Kd2 Nh6 25. Ba4+ Kc7 26.
Re7+ Kd8 27. d6 Ra6 28. Bb5 Nxg4 {1-0 Aronian,L (2801)-Nepomniachtchi,I (2720)/
Moscow 2010/EXT 2011}) 12. dxc5 fxe4 13. Nd4 O-O $2 (13... Bd7 14. Be2 O-O-O)
14. Bc4+ Kh8 15. Nxc6 bxc6 16. Bd4 e5 17. Be3 Bf5 18. O-O Rfd8 (18... Qa4 19.
Bb3 Qa5 20. Qd6 Rac8) 19. Qe2 Re8 20. Rfd1 Bf8 21. g4 Bc8 22. Bf7 Re7 23. Bb3
Re8 24. Qc4 Be7 25. Qf7 Rf8 26. Qxe7 Bxg4 1-0

[Event "12ème tournoi de MI"]
[Site "?"]
[Date "2012.07.07"]
[Round "1"]
[White "Barbot, Pierre"]
[Black "Cotonnec, Melkior"]
[Result "1/2-1/2"]
[WhiteElo "2271"]
[BlackElo "2389"]
[Annotator "Navrotescu,Catalin"]
[PlyCount "88"]

1. e4 c5 2. Nf3 Nc6 3. d4 cxd4 4. Nxd4 Nf6 5. Nc3 e5 6. Ndb5 d6 7. Bg5 a6 8.
Na3 b5 9. Bxf6 gxf6 10. Nd5 Bg7 11. Bd3 Ne7 12. Nxe7 Qxe7 13. O-O O-O 14. c4 f5
15. Qf3 bxc4 (15... d5 $5 {Diagram #} 16. cxd5 fxe4 17. Bxe4 Qd7 (17... Qd6)
18. d6 Rb8 19. Rfd1 Rd8 $2 (19... Rb6 20. Qd3) 20. Rac1 Rb6 21. Rc7 Qe6 22. d7
Bxd7 23. Qd3 Rbb8 24. Rxd7 Rxd7 25. Qxd7 Qxa2 26. Qf5 Qxb2 27. Qxh7+ Kf8 28.
Nc2 Rc8 29. g3 b4 30. Qf5 Qc3 31. Rd7 {1-0 Barbot,P (2261)-Marie,M (2202)/
Sautron 2011}) 16. Nxc4 d5 17. exd5 e4 18. Qe3 Bb7 19. d6 Qf6 20. Bc2 f4 $6 21.
Qh3 Rac8 22. b3 Qg5 23. Rad1 (23. d7 Rc6 24. Bxe4 Rh6 25. Qf5 Qh4 26. h3 Rf6
27. d8=Q Rxd8 28. Qa5 Bxe4 29. Qxd8+ Bf8 30. f3 Bf5 {1-0 Anand,V (2755)
-Kasimdzhanov,R (2653)/Hyderabad 2002/CBM 092/[Anand]} 31. Nd6) 23... f5 24. d7
Rcd8 25. Rd6 Rf7 26. Rfd1 Bf8 27. Ne5 Re7 28. Qc3 $6 {Diagram #} (28. Rb6 Ba8
29. Qc3) 28... e3 $1 $15 29. f3 Rg7 30. Qc4+ Kh8 31. Nf7+ Rxf7 32. Qxf7 Bxf3
33. Qf6+ Qxf6 34. Rxf6 Bxd1 35. Bxd1 Rxd7 36. Be2 Rd2 $6 (36... Kg7 37. Rxf5
Rd2 38. Kf1 (38. Bxa6 $4 Rd1+ 39. Bf1 e2) 38... Bd6) 37. Rxf8+ Kg7 38. Rxf5
Rxe2 39. Rxf4 Rxa2 40. Ra4 Rb2 41. Kf1 Rf2+ 42. Ke1 Rxg2 43. Rxa6 Rxh2 44. Re6
h5 1/2-1/2

[Event "12ème tournoi de MI"]
[Site "?"]
[Date "2012.07.07"]
[Round "1"]
[White "Ornstein, Axel"]
[Black "Bernotas, Arturs"]
[Result "1/2-1/2"]
[WhiteElo "2392"]
[BlackElo "2261"]
[Annotator "Navrotescu,Catalin"]
[PlyCount "96"]

1. c4 e6 2. Nc3 d5 3. d4 Nf6 4. Bg5 c6 5. e3 Nbd7 6. cxd5 exd5 7. Bd3 Be7 8.
Nge2 O-O 9. Qc2 Re8 10. O-O Nf8 11. Rae1 Be6 12. Ng3 (12. f3 Rc8 13. Kh1 N6d7
14. Bxe7 Qxe7 15. Nf4 Qd6 16. Qf2 f6 17. Nxe6 Nxe6 18. f4 Ndf8 19. e4 $1 dxe4
20. Nxe4 Qd5 21. Rd1 $6 (21. f5 $1) 21... f5 22. Nc3 Qxd4 23. Bxf5 Qxf2 24.
Rxf2 Rcd8 25. Rxd8 Rxd8 26. g3 $11 {1/2-1/2 Carlsen,M (2770)-Ivanchuk,V (2746)/
Leon 2009/CBM 130 Extra (38)}) 12... N6d7 13. Bxe7 Qxe7 14. f4 f6 $6 {Diagram #
} (14... Nf6 15. f5 Bd7 16. Qf2 $14) 15. Nf5 (15. e4 $1 dxe4 16. Rxe4 Qd6 17.
f5 Bf7) 15... Bxf5 16. Bxf5 g6 17. Bxd7 Qxd7 18. f5 gxf5 19. Rxf5 Re6 20. Ref1
Qe7 (20... Rxe3 21. Rxf6 Ng6) 21. Qf2 Nd7 22. Qg3+ Qg7 23. Qc7 (23. Qh3) 23...
Nb6 24. Qf4 Rae8 25. Rf3 Qe7 26. Nd1 (26. Rg3+ Kh8 27. Rh5 Rg8 28. Rxg8+ Kxg8
29. e4) 26... Nd7 27. h3 Qd6 28. Qh6 Qf8 29. Qf4 Qd6 30. Qxd6 Rxd6 31. Nf2 Rde6
32. Ng4 Kg7 33. Kf2 $6 (33. Rg3 {Diagram #} Kh8 34. Nh6 Rf8 35. Rf4) 33... Kg6
$11 34. R5f4 h5 35. Nh2 c5 36. Rg3+ Kh6 37. Rf5 cxd4 38. Rxd5 $6 (38. exd4)
38... dxe3+ 39. Ke2 Ne5 40. Rxe3 Nc4 41. Rxe6 Rxe6+ 42. Kf3 Nxb2 43. Rb5 Nd3
44. Rxb7 Ra6 45. Ke2 Nf4+ (45... Ra3 $1 46. Nf3 Nf4+ 47. Kf1 Rxa2) 46. Kf3 Nd3
47. Ke2 Nf4+ 48. Kf3 Nd3 1/2-1/2

[Event "12ème tournoi de MI"]
[Site "?"]
[Date "2012.07.07"]
[Round "1"]
[White "Bakalarz, Mietek"]
[Black "Miron, Lucian Costin"]
[Result "0-1"]
[WhiteElo "2323"]
[BlackElo "2506"]
[Annotator "Navrotescu,Catalin"]
[PlyCount "82"]

1. e4 e5 2. Nf3 Nc6 3. Bc4 Nf6 4. d4 exd4 5. e5 d5 6. Bb5 Ne4 7. Nxd4 Bd7 8.
Bxc6 bxc6 9. O-O Bc5 10. Be3 Bb6 11. Nd2 Nxd2 12. Qxd2 O-O 13. Bg5 Qe8 14. Rfe1
c5 (14... Be6 15. Re3 Kh8 16. Rg3 Rg8 17. a4 a5 18. h4 c5 19. h5 c6 20. h6 Bd8
21. Nxc6 f6 22. hxg7+ Kxg7 23. exf6+ {1-0 Gaponenko,I (2457)-Wallace,P (2238)/
Palma de Mallorca 2009/EXT 2011}) 15. Bf6 {Diagram #} h6 $1 16. Re3 Kh7 17.
Bxg7 $2 {Diagram #} (17. Qd3+ g6 18. Nf3 c4 19. Qxd5 Bxe3 20. fxe3 Qe6 21. Qd4
Bc6 22. e4 $13) 17... Kxg7 18. Rg3+ Kh7 19. Qd3+ f5 20. exf6+ Qe4 $17 21. Rg7+
Kh8 22. Rxd7 Qxd3 23. cxd3 cxd4 24. Re1 Rad8 25. Rg7 Rde8 26. Rge7 Rxe7 27.
fxe7 Re8 28. Kf1 Kg7 29. Re6 Bc5 30. Rc6 Bd6 31. Ra6 Rxe7 32. Rxa7 Bb4 33. g3
Re1+ 34. Kg2 Bd6 35. Kf3 Kf6 36. a4 Ra1 37. b3 Ra2 38. a5 Ra3 39. b4 Rxd3+ 40.
Ke2 Rb3 41. Rb7 Bxb4 0-1

[Event "12ème tournoi de MI"]
[Site "?"]
[Date "2012.07.07"]
[Round "1"]
[White "Amoyal, Pierre"]
[Black "Pucher, Sebastien"]
[Result "1/2-1/2"]
[WhiteElo "2155"]
[BlackElo "2217"]
[Annotator "Navrotescu,Catalin"]
[PlyCount "125"]

1. Nf3 d5 2. d4 Nf6 3. c4 e6 4. Nc3 c6 5. e3 Nbd7 6. Qc2 Bd6 7. g4 h6 8. h3 O-O
(8... e5 9. Bd2 O-O 10. cxd5 cxd5 11. Nb5 Bb8 12. Rc1 Ne4 13. Bb4 Re8 14. Bg2
Qb6 15. Qa4 a6 16. Nc3 Nxc3 17. bxc3 e4 18. Nd2 Qg6 19. Qb3 Nf6 20. c4 Be6 21.
Ba3 h5 22. Qxb7 Ra7 23. Qb1 hxg4 24. cxd5 gxh3 25. Bf1 Bxd5 26. Rxh3 Ng4 27.
Rc5 Qf6 28. f4 Bxf4 29. exf4 Qxd4 30. Be2 Qg1+ 31. Bf1 Rd7 32. Qc2 Qf2+ 33. Kd1
Bb3 {0-1 Aleksandrov,A (2612)-Lastin,A (2538)/Moscow RUS 2012/The Week in
Chess 905}) 9. g5 hxg5 10. Nxg5 Re8 (10... e5 $1) 11. Bd2 e5 12. O-O-O Nf8 13.
dxe5 Bxe5 14. Rg1 Qe7 15. Bd3 Ne6 16. f4 Bd6 17. cxd5 cxd5 18. Bb5 Nxg5 19.
Rxg5 Bxh3 20. Bxe8 Rxe8 21. Rdg1 Qf8 22. Rxg7+ Qxg7 23. Rxg7+ Kxg7 24. Qd3 Bg2
25. Qf5 Be4 26. Qg5+ Bg6 27. f5 Re5 28. e4 d4 29. Qh6+ Kg8 30. fxg6 Rh5 31.
gxf7+ Kxf7 32. Qxh5+ Nxh5 33. Nb5 Be5 34. Kc2 a6 35. Na3 d3+ 36. Kxd3 Bxb2 37.
Nc4 Bf6 38. Nd6+ Ke6 39. Nxb7 Be7 40. Na5 Nf6 41. Nb3 Nd7 42. Nd4+ Ke5 43. Nc6+
Ke6 44. Nxe7 Kxe7 45. Kc4 Ke6 46. Bc3 Kd6 47. Bd4 Kc6 48. Kb4 Nf8 49. Ka5 Kb7
50. Kb4 Kc6 51. Kc4 Ne6 52. a4 Ng5 53. e5 Nf3 54. e6 Nxd4 55. e7 Kd7 56. Kxd4
Kxe7 57. Kc5 Kd8 58. Kb6 Kc8 59. Kxa6 Kb8 60. Kb6 Ka8 61. a5 Kb8 62. a6 Ka8 63.
a7 1/2-1/2

[Event "12ème tournoi de MI"]
[Site "?"]
[Date "2012.07.08"]
[Round "2"]
[White "Miron, Lucian Costin"]
[Black "Pucher, Sebastien"]
[Result "1-0"]
[WhiteElo "2506"]
[BlackElo "2217"]
[Annotator "Navrotescu,Catalin"]
[PlyCount "55"]

1. d4 d5 2. c4 c6 3. Nf3 Nf6 4. e3 a6 5. Nc3 b5 6. c5 g6 7. Qb3 a5 8. Ne5 Bg7
9. Bd3 (9. Nxb5 cxb5 10. Bxb5+ Kf8 11. O-O Ba6 12. a4 Ne4 13. Nd3 Bb7 14. f3
Nf6 15. Ne5 Qc7 16. Bd2 h5 17. c6 Bc8 18. e4 Qb6 19. Be3 Be6 20. Rac1 Na6 21.
f4 Nc7 22. f5 gxf5 23. exf5 Bc8 24. Rc5 Ba6 (24... h4 $15) 25. Bg5 Bc8 26. Kh1
Ne4 $4 {Diagram #} 27. Bxe7+ Kxe7 28. Rxd5 Nxd5 29. Qxd5 Ng5 30. Ng6+ fxg6 31.
Re1+ Be6 32. Rxe6+ Kf8 33. Qd6+ Kg8 34. Bc4 Kh7 35. Re7 gxf5 36. Qf6 Rhg8 37.
Qxg5 {1-0 Aronian,L (2684)-Popov,V (2588)/Moscow 2005/CBM 106}) 9... O-O 10.
O-O Bf5 $5 (10... Be6 11. Qc2 Qc8 12. Bd2 Bf5 13. a3 Bxd3 14. Nxd3 Nbd7 15. Be1
Re8 16. f4 Ne4 17. Bh4 Ndf6 18. Nf2 Nxf2 19. Bxf6 Nh3+ $17 {1/2-1/2 Kradolfer,
G (2159)-Prie,E (2516)/Calvi 2007/CBM 117 ext (52)}) 11. Be2 Ne8 $6 (11... Qc7
12. g4 Be6 13. f4 $13) 12. f4 f6 {Diagram #} 13. Nxc6 $1 Nxc6 14. Qxd5+ Qxd5
15. Nxd5 Rb8 16. Bd2 b4 (16... e5 $1 17. Nb6 exd4 18. Bxb5 dxe3 19. Bxe3 Be4
$15) 17. Nb6 Be4 18. Bc4+ Kh8 19. d5 Rd8 20. Rfd1 Nb8 21. a3 Nc7 22. Be1 f5 (
22... Bc2 23. Rdc1 b3 24. Bxa5 f5 $11) 23. axb4 Bxb2 (23... axb4 24. Bh4) 24.
Rxa5 Bc2 25. Rd2 Bc3 26. Rxc2 Bxe1 27. Ra7 Bxb4 28. Rxc7 1-0

[Event "12ème tournoi de MI"]
[Site "?"]
[Date "2012.07.08"]
[Round "2"]
[White "Bouget, Alexandre"]
[Black "Amoyal, Pierre"]
[Result "1/2-1/2"]
[WhiteElo "2202"]
[BlackElo "2155"]
[Annotator "Navrotescu,Catalin"]
[PlyCount "122"]

1. d4 Nf6 2. c4 c5 3. d5 b5 4. cxb5 a6 5. Nc3 axb5 6. e4 b4 7. Nb5 d6 8. Bc4 g6
9. e5 $5 dxe5 10. d6 $1 exd6 11. Bg5 Ra5 12. Qb3 Rxb5 13. Bxb5+ Bd7 14. Bc4 (
14. Bxd7+ Nbxd7 15. Ne2 h6) 14... Qe7 15. a3 Bg7 16. axb4 O-O 17. Ne2 $6 (17.
b5 Be6 18. Bxe6 fxe6 19. Ne2 d5 20. O-O Qd6 21. Bxf6 Rxf6 22. b6) 17... cxb4
18. Qxb4 Nc6 19. Qd2 Be6 20. Bxf6 Bxf6 21. Bxe6 fxe6 22. O-O d5 23. Ra6 Qb7 24.
Rfa1 e4 25. Nc3 Bd4 26. Nd1 Bb6 27. Qc3 $2 Nb4 $1 {Diagram #} 28. R6a3 (28.
Qxb4 $4 Bxf2+ 29. Nxf2 Qxb4 30. Rxe6 Qxb2 31. Rf1 Qe2 32. h4) 28... Nd3 29. Kh1
Bxf2 $6 (29... Rxf2 {Diagram #}) 30. Nxf2 Nxf2+ 31. Kg1 Qb6 32. Qe3 d4 33. Qg3
d3 34. Ra8 Ng4+ 35. Kh1 Nf6 36. Rxf8+ Kxf8 37. Qe5 Qd8 38. Rf1 Kg7 39. g4 e3
40. Qxe3 d2 41. Qf3 g5 42. Rd1 Qd4 43. Qe2 Ne4 44. Kg2 Qd5 45. Qf3 Qd4 46. Qe2
Kf6 47. Kf3 Ke5 48. Rxd2 Qxd2 49. Qxe4+ Kf6 50. b4 Qxh2 51. b5 Qh1+ 52. Ke3
Qe1+ 53. Kf3 Qf1+ 54. Kg3 Qxb5 55. Qxh7 Qe5+ 56. Kg2 Qe2+ 57. Kg3 Qe3+ 58. Kg2
Ke5 (58... Qf4 59. Qh8+ Ke7 60. Qg7+ Kd6 $17) 59. Qc7+ Kd4 60. Qd6+ Kc3 61.
Qa3+ Kd4 $11 1/2-1/2

[Event "12ème tournoi de MI"]
[Site "?"]
[Date "2012.07.08"]
[Round "2"]
[White "Cotonnec, Melkior"]
[Black "Valuet, Bertrand"]
[Result "1-0"]
[WhiteElo "2389"]
[BlackElo "2316"]
[Annotator "Navrotescu,Catalin"]
[PlyCount "121"]

1. d4 d5 2. Nf3 e6 3. e3 c5 4. b3 cxd4 5. exd4 Nc6 6. Bd3 Nf6 7. O-O Ne4 8. Bb2
f5 9. Nbd2 Bb4 10. a3 Nxd2 $6 (10... Bc3 11. Bxc3 Nxc3 12. Qe1 O-O $13) 11.
Nxd2 Be7 12. Nf3 Bf6 13. Re1 O-O 14. Qd2 g5 15. Ne5 Nxe5 16. dxe5 Be7 17. Red1
b6 18. c4 (18. a4 $5) 18... Bb7 (18... dxc4 19. Bxc4 Qxd2 20. Rxd2 Kf7 21. Rc1
Rd8 22. Rxd8 Bxd8 23. h3 Bd7 $14) 19. Rac1 Rc8 20. h3 (20. b4) 20... Qd7 21.
Be2 Rfd8 (21... Qe8 22. b4 (22. Bf3 Qg6 23. cxd5 $2 {Diagram #} g4 $1) 22...
Qg6) 22. Bf3 Kf8 $6 23. Qe3 Qe8 24. Rc3 (24. cxd5 $142 Rxc1 25. Qxc1 Bxd5 26.
Bxd5 Rxd5 27. Rxd5 exd5 28. Qc7 $16) 24... d4 $1 {Diagram #} 25. Rxd4 Rxd4 26.
Qxd4 Bxf3 27. Rxf3 Rd8 28. Qe3 Rd1+ 29. Kh2 Qd7 (29... Kg7) 30. b4 Kg8 (30...
Qd2 31. Qxd2 Rxd2 32. Bc3 Ra2 $44) 31. Qb3 h5 32. c5 g4 $2 33. Rxf5 Rd3 34. Qa2
Rd2 35. Rxh5 {Diagram #} Rxf2 $2 (35... g3+ $1 36. Kxg3 Qd3+ 37. Kh2 Qg6 $1 38.
Qb3 Rxf2 $132) 36. Qb3 Qd5 37. Qxd5 exd5 38. Bd4 Rd2 39. cxb6 axb6 40. Bxb6 $18
Rd3 41. hxg4 Rxa3 42. e6 Bd6+ 43. Kg1 Rd3 44. Bc5 Bxc5+ 45. bxc5 Kf8 46. c6 Ke7
47. c7 Rc3 48. Rxd5 Kxe6 49. Rf5 Rxc7 50. Kh2 Rc2 51. Kh3 Rb2 52. Rf3 Ke7 53.
g5 Rb4 54. g3 Rc4 55. Rf4 Rc5 56. Kh4 Rb5 57. g6 Rb8 58. Kh5 Rb3 59. g4 Rh3+
60. Kg5 Rb3 61. g7 1-0

[Event "12ème tournoi de MI"]
[Site "?"]
[Date "2012.07.08"]
[Round "2"]
[White "Bernotas, Arturs"]
[Black "Barbot, Pierre"]
[Result "1-0"]
[WhiteElo "2261"]
[BlackElo "2271"]
[Annotator "Navrotescu,Catalin"]
[PlyCount "77"]

1. e4 c5 2. Nf3 Nc6 3. Bb5 Nf6 4. e5 Nd5 5. Nc3 Nc7 6. Bxc6 dxc6 7. h3 g6 8. d3
Bg7 9. Be3 (9. O-O O-O 10. Bf4 Ne6 11. Qd2 Nd4 12. Nh2 Bf5 13. Ng4 Bxg4 14.
hxg4 Qd7 15. Qd1 f5 16. g5 Ne6 17. g3 Rad8 18. Re1 Qd4 19. Ne2 Qxb2 20. Rb1
Qxa2 21. Rxb7 Rfe8 22. Qb1 Qxb1 23. Rexb1 Ra8 $13 {1/2-1/2 Sandipan,C (2563)
-So,W (2516)/Cebu 2007/CBM 120 ext (55)}) 9... b6 10. Qd2 O-O (10... h6 11. O-O
Be6 12. Ne2 Bd5 13. d4 Bxf3 14. gxf3 cxd4 15. Qxd4 Qxd4 16. Bxd4 c5 17. Bc3 Nd5
18. Rfe1 O-O-O $17 {0-1 Nanu,C (2459)-Andonov,B (2331)/Obrenovac 2004/CBM 103
ext (63)}) 11. Bh6 Ne6 12. Bxg7 Kxg7 13. O-O Nd4 14. Nxd4 cxd4 15. Ne4 Qd5 16.
f4 c5 17. b3 Bb7 18. Rae1 Rae8 (18... f5 19. exf6+ exf6 20. f5 Qd7 21. Qf4 Bxe4
22. Rxe4 Rae8 $11) 19. f5 $1 {Diagram #} Qxe5 $2 20. f6+ exf6 21. Nxf6 Qxf6 22.
Rxf6 Rxe1+ 23. Qxe1 Kxf6 $16 24. Qh4+ Ke6 (24... Kg7 25. Qe7 Ba8 26. Qxa7) 25.
Qxh7 Re8 26. Kf2 Bd5 27. g4 Kf6 28. h4 Be6 29. Qh6 Bxg4 $2 30. Qg5+ Kg7 31.
Qxg4 $18 a5 32. Qd7 Re6 33. a3 Kg8 34. b4 axb4 35. axb4 cxb4 36. Qxd4 b5 37.
Qxb4 Rf6+ 38. Ke3 Rf5 39. c4 1-0

[Event "12ème tournoi de MI"]
[Site "?"]
[Date "2012.07.08"]
[Round "2"]
[White "Bakalarz, Mietek"]
[Black "Ornstein, Axel"]
[Result "1-0"]
[WhiteElo "2323"]
[BlackElo "2392"]
[Annotator "Navrotescu,Catalin"]
[PlyCount "59"]

1. e4 c5 2. c3 d5 3. exd5 Qxd5 4. d4 Nf6 5. Nf3 Bg4 6. dxc5 $5 Qxd1+ 7. Kxd1 e5
8. b4 e4 9. h3 Bh5 10. g4 Nxg4 11. hxg4 Bxg4 12. Nbd2 exf3 13. Bd3 Nc6 14. Re1+
Be7 15. Kc2 h5 (15... Be6 16. Nxf3 O-O-O 17. Bg5 Rhe8 18. Bxh7 g6 19. Bxg6 Bg4
20. Bxe7 Rxe7 21. Rxe7 {1-0 Vysochin,S (2543)-Nagibin,G (2386)/Sochi RUS 2009/
The Week in Chess 661}) 16. Nc4 (16. Be4 Kf8 17. Nxf3 Rc8 18. Bf4 b6 19. Nd4
Bd7 20. Nf5 bxc5 $1 {Diagram #} 21. b5 Na5 22. Nxe7 Kxe7 23. Bb7+ Be6 24. Bxc8
Rxc8 25. Rad1 Nc4 $44 {0-1 Doric,N (2322)-Stanojoski,Z (2487)/Paracin 2010/CBM
137 Extra (47)}) 16... Kf8 17. Bf4 g5 18. Bh2 Rh6 (18... Re8 19. a4 Kg7 20. b5
Nd8 21. Nd6 Bxd6 22. Bxd6 Kf6 23. a5 Bf5 24. Bc7 Bxd3+ 25. Kxd3 Kf5 26. Rxe8
Rxe8 27. a6 bxa6 28. Rxa6 Ne6 29. Bd6 Rd8 $13 {0-1 Vajda,L (2534)-Rausis,I 
(2521)/Bern 2006/CBM 116 ext (52)}) 19. b5 Nd8 20. Nd6 Ne6 21. Rxe6 $5 {
Diagram #} Bxe6 22. Be4 f5 23. Bxb7 Rd8 24. Be5 h4 $2 (24... g4 25. Bc6 h4 26.
Nb7 Rc8 27. Nd6 Bxd6 28. cxd6 Rd8 29. Bf4 Rg6 $19) 25. Bxf3 g4 26. Bh1 f4 27.
Bxf4 Rh5 $2 (27... Rf6 28. Be3 Bxd6 29. cxd6 Bf5+ 30. Kb3 Rfxd6 31. Bxa7 Rd1
$17) 28. Re1 Bd5 $2 {Diagram #} 29. Bxd5 Rxd5 30. Bh6+ 1-0

[Event "12ème tournoi de MI"]
[Site "?"]
[Date "2012.07.09"]
[Round "3"]
[White "Pucher, Sebastien"]
[Black "Bouget, Alexandre"]
[Result "1/2-1/2"]
[WhiteElo "2217"]
[BlackElo "2202"]
[Annotator "Navrotescu,Catalin"]
[PlyCount "70"]

1. e4 e6 2. d4 d5 3. Nd2 Nf6 4. e5 Nfd7 5. Bd3 c5 6. c3 Nc6 7. Ne2 cxd4 8. cxd4
f6 9. exf6 Nxf6 10. Nf3 Bd6 11. O-O O-O 12. Bf4 Nh5 13. Bxd6 Qxd6 14. Qd2 Rxf3
$5 {Diagram #} (14... Bd7 15. Qe3 Nf4 16. Nxf4 Rxf4 17. g3 {1/2-1/2 Kasparov,S
(2503)-Reinderman,D (2589)/Delft NED 2012/The Week in Chess 909}) 15. gxf3 Bd7
16. Qg5 g6 17. Kh1 (17. Bb5 Rf8 18. Bxc6 Bxc6 19. Qe3 Bb5 20. Rfe1 Bxe2 (20...
Qe7) 21. Rxe2 Nf4 22. Rc2 Qd8) 17... Rf8 18. Rg1 Nf4 19. Rad1 Nh3 20. Qe3 Nxg1
21. Rxg1 Ne7 (21... e5 $17 22. Bc2 exd4 23. Nxd4 Re8 24. Qh6 Qf8) 22. Ng3 Qf4 (
22... a6 23. Ne2 Bb5 $15) 23. Kg2 Qf6 24. Rc1 Nc6 25. Bb5 $11 Be8 26. Bxc6 Bxc6
27. Re1 Kg7 28. Qe5 Qxe5 29. Rxe5 Bd7 30. Re3 Rc8 31. Rc3 Rxc3 32. bxc3 Bb5 33.
f4 Bc4 34. a3 Kf6 35. h4 a5 1/2-1/2

[Event "12ème tournoi de MI"]
[Site "?"]
[Date "2012.07.09"]
[Round "3"]
[White "Amoyal, Pierre"]
[Black "Cotonnec, Melkior"]
[Result "0-1"]
[WhiteElo "2155"]
[BlackElo "2389"]
[Annotator "Navrotescu,Catalin"]
[PlyCount "92"]

1. d4 f5 2. e4 fxe4 3. Nc3 Nf6 4. Bg5 Nc6 5. d5 Ne5 6. Qe2 c6 (6... Nf7 7. Bxf6
exf6 8. Nxe4 Qe7 9. d6 Qe6 10. dxc7 Bb4+ 11. c3 Ba5 12. Nc5 Qxe2+ 13. Bxe2 Bxc7
14. Nf3 b6 15. Na6 Kd8 16. O-O-O Bb7 17. Nd4 Bf4+ 18. Kb1 Re8 19. Bf3 $14 {1/
2-1/2 Erdos,V (2591)-Nikolic,P (2602)/Germany 2010/CBM 134 Extra (29)}) 7.
O-O-O cxd5 8. Nxd5 e6 9. Nc3 Nf7 10. Bxf6 gxf6 11. Qxe4 (11. Nxe4 Be7 12. f4
Qa5 13. Kb1 b6 14. g3 Bb7 15. Bg2 O-O-O 16. Nf3 Kb8 17. Nd4 f5 {1/2-1/2 Bauer,
C (2465)-Santo Roman,M (2385)/Auxerre 1996/CBM 054 ext (41)}) 11... f5 12. Qd4
Qb6 13. Qxb6 axb6 14. Kb1 Bg7 15. Nb5 Ke7 16. f4 d6 17. Nf3 Bd7 18. Nbd4 e5 19.
Nb5 Bc6 20. Nc7 Rac8 21. Nd5+ Bxd5 22. Rxd5 Rc5 23. Rxc5 bxc5 24. fxe5 $6 (24.
Bc4 exf4 25. Re1+ Ne5 26. Bd5 Kd7 27. Nh4 Rf8 28. a4 $44) 24... dxe5 25. Bc4 e4
26. Re1 Rd8 27. a4 Nh6 28. c3 Kf6 29. Nh4 Ng4 30. h3 Ne5 31. Be2 f4 (31... Rd2
32. Bb5 Kg5 33. g3 c4) 32. Bb5 $6 (32. Rf1) 32... Kg5 33. Rxe4 Kxh4 $19 34.
Rxf4+ Kg3 35. Rf5 h6 36. b4 cxb4 37. cxb4 Rf8 38. Rh5 Rf4 39. Kc2 Rxb4 40. Kc3
Rf4 41. Kb3 Kxg2 42. Be2 Kg3 43. a5 Re4 44. Bd1 Rh4 45. Rxh4 Kxh4 46. Bc2 Nc6
0-1

[Event "12ème tournoi de MI"]
[Site "?"]
[Date "2012.07.09"]
[Round "3"]
[White "Valuet, Bertrand"]
[Black "Bernotas, Arturs"]
[Result "1/2-1/2"]
[WhiteElo "2316"]
[BlackElo "2261"]
[Annotator "Navrotescu,Catalin"]
[PlyCount "93"]

1. d4 d5 2. c4 e6 3. Nc3 Nf6 4. cxd5 exd5 5. Bg5 c6 6. e3 Nbd7 7. Bd3 Be7 8.
Nge2 O-O 9. Qc2 Re8 10. O-O-O Nf8 11. h3 b5 12. Kb1 Qa5 (12... a5 13. g4 Be6
14. Ng3 N6d7 15. Bxe7 Qxe7 16. f4 Nb6 17. f5 Bd7 18. e4 Qh4 19. Qh2 b4 20. Nce2
dxe4 21. Nxe4 Bxf5 22. gxf5 Rxe4 23. Bxe4 Qxe4+ 24. Ka1 Qxf5 25. Rhf1 Qd7 26.
Nf4 Re8 $44 {1-0 Moiseenko,A (2641)-Adly,A (2488)/Port Erin 2007/CBM 120 ext 
(62)}) 13. f3 Be6 14. Nc1 Rac8 15. f4 Qb6 16. g4 c5 17. dxc5 Qxc5 18. Bxb5 $14
Bd7 19. Bxf6 Bxf6 20. Rxd5 {Diagram #} (20. Bxd7 Nxd7 21. Rxd5 Qc7 22. Rhd1 Nb6
) 20... Qxd5 $1 21. Nxd5 Rxc2 22. Nxf6+ gxf6 23. Bxd7 Rxc1+ 24. Rxc1 Nxd7 25.
Rc7 Nb6 26. Rxa7 Rxe3 27. a4 Nd5 28. a5 Nb4 29. Kc1 Kg7 (29... Rf3 30. f5 Rxh3
31. Rb7 Rh1+ 32. Kd2 Nc6 $15) 30. Rb7 Re4 31. f5 Rc4+ 32. Kd1 Nc6 33. a6 Ra4
34. Rb6 Nb4 35. a7 Nd3 36. Rb7 Nc5 37. Re7 Nb3 38. Rd7 Nd4 {Diagram #} 39. Rd8
$2 (39. a8=Q Rxa8 40. Rxd4 Rb8 41. b4 h5 42. Kd2 $16) 39... Ra1+ 40. Kd2 Nf3+
41. Ke3 Rxa7 42. Kxf3 Rb7 43. Rd2 Rb3+ $11 44. Kg2 h5 45. Kh2 h4 46. Rf2 Kh6
47. Kg2 1/2-1/2

[Event "12ème tournoi de MI"]
[Site "?"]
[Date "2012.07.09"]
[Round "3"]
[White "Barbot, Pierre"]
[Black "Bakalarz, Mietek"]
[Result "1-0"]
[WhiteElo "2261"]
[BlackElo "2323"]
[Annotator "Navrotescu,Catalin"]
[PlyCount "91"]

1. e4 e5 2. d4 exd4 3. Nf3 Nc6 4. Nxd4 Bc5 5. Nb3 Bb6 6. Nc3 d6 7. Qe2 Nf6 8.
Be3 Qe7 (8... Be6 9. g3 d5 10. O-O-O d4 11. Bg5 O-O 12. e5 Re8 13. exf6 h6 14.
Qh5 hxg5 15. Ne4 Bf5 16. h4 Bxe4 17. hxg5 Bxh1 18. Bd3 gxf6 19. Rxh1 Kf8 20.
Qh6+ Ke7 21. Qxf6+ Kd7 22. Bf5+ Re6 23. Qxf7+ Qe7 24. Bxe6+ Kd6 25. Qf4+ Ne5
26. Rh6 Rf8 27. Bf5+ Kd5 28. Qe4+ Kc4 29. Be6+ Kb4 30. Qxe5 {1-0 Negi,P (2631)
-Adhiban,B (2551)/Bad Wiessee 2011/EXT 2012}) 9. O-O-O O-O 10. Bg5 Qe6 (10...
Re8 11. Kb1 Be6 12. f3 h6 13. Bh4 a6 14. Bf2 (14. Qd2 $2 Nxe4) 14... Bc4) 11.
f3 a5 (11... h6 12. Be3 Bxe3+ 13. Qxe3 a6 14. Kb1 b5) 12. a4 Re8 (12... Nb4 13.
Kb1 Re8 14. Be3 d5) 13. Qd2 Nb4 14. Kb1 Bd7 15. g4 Bc6 16. Nd4 {Diagram #} Qe5
$6 (16... Bxd4 17. Qxd4 Bxa4) 17. Bf4 Qxd4 18. Qxd4 Bxd4 19. Rxd4 Nd7 20. Bg3
Nc5 21. b3 Rad8 22. Bc4 Bd7 23. Rd2 Be6 24. Be2 f6 25. Rhd1 Bf7 $11 26. h4 Re7
27. Kb2 h5 $2 28. gxh5 Bxh5 $2 (28... Kh7 29. Bf4) 29. Nd5 Nxd5 30. Rxd5 Nxe4 {
Diagram #} 31. Rxh5 $1 g6 (31... Nxg3 32. Bc4+ d5 (32... Kf8 33. Rh8#) 33.
Bxd5+) 32. fxe4 gxh5 33. Bxh5 $18 Rxe4 34. Bf3 Re3 35. Bd5+ Kh8 36. Bf4 Rh3 37.
Bxb7 Rb8 38. Bc6 Rxh4 39. Bd2 Rh5 40. Bc3 Kg7 41. Re1 Kf7 42. Rf1 Rc5 43. Bb5
f5 44. Bd4 Rcxb5 45. axb5 Rxb5 46. c4 1-0

[Event "12ème tournoi de MI"]
[Site "?"]
[Date "2012.07.09"]
[Round "3"]
[White "Ornstein, Axel"]
[Black "Miron, Lucian Costin"]
[Result "1/2-1/2"]
[WhiteElo "2392"]
[BlackElo "2506"]
[PlyCount "40"]

1. c4 Nf6 2. Nc3 d5 3. cxd5 Nxd5 4. g3 g6 5. Bg2 Nb6 6. d3 Bg7 7. Be3 Nc6 8.
Qd2 Nd4 9. Rc1 Nf5 10. Bc5 O-O 11. Nf3 Re8 12. O-O c6 13. Rfd1 a5 14. b3 Nd7
15. Ba3 Nb6 16. Bc5 Nd7 17. Ba3 Nb6 18. Bc5 Nd7 19. Ba3 Nb6 20. Bc5 Nd7 1/2-1/2

[Event "12ème tournoi de MI"]
[Site "?"]
[Date "2012.07.10"]
[Round "4"]
[White "Miron, Lucian Costin"]
[Black "Bouget, Alexandre"]
[Result "1-0"]
[WhiteElo "2506"]
[BlackElo "2202"]
[Annotator "Navrotescu,Catalin"]
[PlyCount "55"]

1. c4 Nf6 2. Nc3 g6 3. e4 d6 4. g3 Bg7 5. Bg2 O-O 6. Nge2 c5 7. O-O Nc6 8. a3
Ne8 9. Rb1 b6 $2 (9... a5 10. d3 Nc7 11. Nd5 Rb8 12. Nxc7 Qxc7 13. Nc3 Bd7 14.
Bf4 Qd8 15. Nb5 Nd4 16. a4 Bc6 17. Be3 Qd7 18. f4 f5 19. Qd2 Nb3 20. Qd1 Nd4
21. Qd2 Nb3 22. Qd1 Nd4 23. Qd2 {1/2-1/2 Miezis,N (2552)-Roiz,M (2677)/Dresden
2008/CBM 128}) 10. b4 Bb7 11. d3 Nc7 12. Be3 Ne6 13. Qd2 Ned4 14. Bh6 Ne5 15.
Nxd4 cxd4 16. Bxg7 dxc3 17. Qh6 Re8 18. f4 Ng4 19. Qg5 c2 20. Rbc1 Ne3 21. Rf3
f6 22. Qh6 Nxg2 23. g4 $2 {Diagram #} (23. f5 $1 gxf5 24. Rxf5 Qd7) 23... Kf7
$2 (23... Nxf4 $1 24. Rxf4 Qd7 25. Rxc2 e5 26. Rxf6 Qxg7 27. Qxg7+ Kxg7 $17)
24. Qxh7 Nh4 25. f5 Nxf3+ 26. Kf2 gxf5 27. gxf5 Rh8 28. Qg6+ 1-0